Interactions between sleep and endocrine regulation

Elmentve itt :
Bibliográfiai részletek
Szerző: Beranek László
További közreműködők: nincs megadva (Témavezető)
Dokumentumtípus: Disszertáció
Megjelent: 1999
Kulcsszavak:Élettan
Tárgyszavak:
Online Access:http://doktori.ek.szte.hu/7140
LEADER 00821nta a2200217 i 4500
001 dokt7140
005 20220307115940.0
008 220307s1999 hu om 0|| eng d
040 |a SZTE Doktori Repozitórium  |b hun 
041 |a eng 
100 1 |a Beranek László 
245 1 0 |a Interactions between sleep and endocrine regulation  |h [elektronikus dokumentum] /  |c  Beranek László 
260 |c 1999 
502 |a Disszertacio 
650 4 |a klinikai orvostudományok 
650 4 |a Orvos- és egészségtudomány 
650 4 |a Klinikai orvostan 
695 |a Élettan 
700 1 |a nincs megadva  |e ths 
856 4 0 |u https://doktori.bibl.u-szeged.hu/id/eprint/7140/1/1999_beranek_laszlo_tezis.pdf  |z Dokumentum-elérés  
856 4 0 |u https://doktori.bibl.u-szeged.hu/id/eprint/7140/2/1999_beranek_laszlo_publikaciok.pdf  |z Dokumentum-elérés